000 00841nam a2200265Ia 4500
003 OSt
005 20220928112654.0
006 a|||||r|||| 00| 0
007 ta
008 220927b |||||||| |||| 00| 0 hin d
020 _a8171198473
_cINR 175.00
024 _a145890
037 _bBR5696, 28/12/2021, Rajkamal Prakashan Pvt.Ltd.
_cTextual
040 _aSDCL
_cSDCL
_bhin
041 _2hin
_ahin
082 _a4, P6
100 _aJha Kalidutt
_9429160
245 0 _aRajya sarkar aur jansampark
260 _aDelhi
_bRadhakrishna Prakashan India
_c2006
300 _av,166p
_ccm.
650 _aHindi Journalism
_9391577
700 _a Tiwari Raghunath Prasad
_9429161
942 _h4, P6
_cTEXL
_2CC
999 _c745647
_d745647